000 00527cam a2200205ua 4500
001 6414
005 20260515114039.0
008 140705n ii |||gr||||Z||||||eng
020 _a81-272-1301-2
040 _cMAIN
082 _a332.0954
245 _aIndian financial system
_cBy Vaman R. Naik
250 _a2nd rev. ed.
260 _aLudhiana:
_bKalyani publishers,
_c2004.
300 _ax,212p.
653 _aFinancial economics
653 _aIndian financial system
700 _aNaik,Vaman R.,
_eAuthor.,
942 _cBK
999 _c5558
_d5558